Statistics for Least Developed Countries

Click here to take the quiz!

General Stats

  • This quiz has been taken 25 times
  • The average score is 35 of 45

Answer Stats

HintAnswer% Correct
AsiaAfghanistan
90%
AfricaD.R. Congo
90%
AfricaZambia
90%
AfricaAngola
85%
AfricaBenin
85%
AsiaBhutan
85%
AsiaCambodia
85%
AfricaCentral African Republic
85%
AfricaDjibouti
85%
AfricaEritrea
85%
AfricaEthiopia
85%
AfricaGambia
85%
AfricaLesotho
85%
AfricaMozambique
85%
AsiaNepal
85%
AfricaNiger
85%
AfricaSierra Leone
85%
AfricaSouth Sudan
85%
AfricaTanzania
85%
AfricaBurundi
80%
AmericasHaiti
80%
AfricaSenegal
80%
AfricaSomalia
80%
AfricaTogo
80%
AfricaBurkina Faso
75%
AfricaComoros
75%
AfricaGuinea
75%
AsiaLaos
75%
AfricaMali
75%
AfricaMauritania
75%
AsiaMyanmar
75%
AfricaRwanda
75%
AfricaUganda
75%
AsiaBangladesh
70%
AfricaChad
70%
AfricaGuinea-Bissau
70%
AfricaLiberia
70%
AfricaMadagascar
70%
AfricaMalawi
70%
OceaniaSolomon Islands
70%
OceaniaTuvalu
70%
AfricaYemen
70%
OceaniaKiribati
65%
AfricaSão Tomé and Principe
65%
AfricaEast Timor
60%

Score Distribution

Percentile by Number Answered

Percent of People with Each Score

Your Score History

You have not taken this quiz